000 00313nam a2200109Ia 4500
008 171211s9999 xx 000 0 und d
245 _aExperimental Studies Of Neutrino Oscillations
245 _cTakaaki Kajita
260 _c2016
650 _xASTRONOMY
856 _uhttp://down.ebook777.com/064/9789814759311.pdf
999 _c349391
_d349391